Medzigeneračná solidarita a rozdeľovacia politika
Problém sociálneho zabezpečenia obyvateľstva. S týmto problémom zápasia aj vyspelé ekonomiky. Problém stárnutia, starostlivosť o starých. Dôchodkové systémy, analýza súčasného systému v SR - prvý a druhý pilier. Výhody dnešného systému nie sú jednoznačné. Starostlivosť o mladú generáciu.
Salvato in:
| Autore principale: | |
|---|---|
| Natura: | Capitolo di libro |
| Lingua: | slovacco |
| Soggetti: | |
| Tags: |
Nessun Tag, puoi essere il primo ad aggiungerne!!
|
MARC
| LEADER | 00000naa$a2200000$$$4500 | ||
|---|---|---|---|
| 001 | 0055537 | ||
| 005 | 20240502071632.2 | ||
| 041 | 0 | |a slo | |
| 044 | |a SK | ||
| 245 | 1 | 0 | |a Medzigeneračná solidarita a rozdeľovacia politika |c Otto Sobek |
| 520 | |a Problém sociálneho zabezpečenia obyvateľstva. S týmto problémom zápasia aj vyspelé ekonomiky. Problém stárnutia, starostlivosť o starých. Dôchodkové systémy, analýza súčasného systému v SR - prvý a druhý pilier. Výhody dnešného systému nie sú jednoznačné. Starostlivosť o mladú generáciu. | ||
| 610 | 2 | 0 | |a starostlivosť o prestárlych |
| 610 | 2 | 0 | |a poistenie dôchodkové |
| 610 | 2 | 0 | |a starostlivosť o deti |
| 610 | 2 | 0 | |a starostlivosť o mládež |
| 610 | 2 | 0 | |a systémy dôchodkové |
| 610 | 2 | 0 | |a zabezpečenie sociálne |
| 610 | 2 | 0 | |a politika hospodárska |
| 610 | 2 | 0 | |a Slovensko |
| 100 | 1 | |a Sobek, Otto | |